00906nam a22002417a 450000500170000001000110001702000220002803500110005003700160006104000120007708200160008910000250010524501150013026000340024527000350027930000230031450000250033765000350036265000570039794200250045499900190047995201660049820170124105956.0 a601357 c00.00a2410173130 a601357 bCen Lib/Ret aDPLbEN a320.94bHOL aHolt, Stephen914730 aSix European states :cby Stephen Holtb the countries of the European Community and their political systems / aLondonbHamish Hamiltonc1970 a90 Great Russel StreetbLondon axi,414p.c20cm(Hb) aIncludes index  aComparative government 914731 aEurope--European Economic Community countries914732 2ddccENh320.94mHOL c125547d125547 04104070aLbLd2015-06-22eCen Lib/Ret g0.00l0o320.94 HOLp601357r2015-06-22 00:00:00t1v0.00w2016-09-15yENzW/d List No. 6863/4 ; dtd 06/08/2020